| 000 | 00828nam a2200241Ia 4500 | ||
|---|---|---|---|
| 008 | 130821s1949 sp gr spa | ||
| 040 |
_aCo-BoUCM _bspa |
||
| 041 | 0 | 0 | _aspa |
| 100 | 1 |
_aHarrod, Roy Forbes _91867 |
|
| 245 | 1 | 3 |
_aEl ciclo económico _cR. F. Harrod ; traducción de Juan Ruiz Magan y Juan Jose Ruiz Rubio |
| 260 |
_aMadrid (España) _bAguilar _c1949 |
||
| 300 | _axxvii, 273 páginas | ||
| 500 | _aDonación Dr. Álvaro Daza Roa. | ||
| 500 | _aIncluye índice. | ||
| 650 | 0 | 4 |
_aCiclos económicos _910763 |
| 650 | 0 | 4 |
_aInversiones (Economía) _917949 |
| 650 | 0 | 4 |
_aMicroeconomía _919488 |
| 700 | 1 |
_aRuiz Magan, Juan _etrad. _9142024 |
|
| 700 | 1 |
_aRuiz Rubio, Juan José _etrad. _9142025 |
|
| 765 | 0 | _tThe trade cycle | |
| 942 |
_cLIBRO _a7 _e1 _mH17c _2DEWEY _h338.54 |
||
| 999 |
_c71554 _d71554 |
||